[Event "Mephisto Schloss Open A"]
[Site "Werther GER"]
[Date "2006.04.08"]
[Round "5"]
[White "Schebler,G"]
[Black "Karpatchev,A"]
[Result "1-0"]
[WhiteElo "2465"]
[BlackElo "2530"]

1.Nf3 d5 2.g3 Nc6 3.d4 Bg4 4.Bg2 e6 5.c4 Nf6 6.Ne5 Bf5 7.Qa4 Bxb1 8.Rxb1 Bb4+
9.Kf1 Bd6 10.Bg5 O-O 11.Nxc6 bxc6 12.Qxc6 Rb8 13.c5 Be7 14.Bf4 Rb4 15.e3 Ne8
16.h4 Qb8 17.b3 a5 18.Bf3 a4 19.g4 g6 20.g5 Bd8 21.Bd1 Ng7 22.a3 Rxb3 23.Bxb3 axb3
24.Qa4 b2 25.Qb4 Qc8 26.a4 c6 27.Rxb2 Qa6+ 28.Kg2 f6 29.Bd6 Re8 30.Rh3 Qd3
31.Qb7 Qe4+ 32.Kh2 Qf5 33.Qd7 fxg5 34.Be5 Bf6 35.Bxf6 Qxf6 36.hxg5 Qxg5 37.Rb7 Qf6
38.Rf3  1-0

[Event "ch-DEN Gladiator"]
[Site "Aalborg DEN"]
[Date "2006.04.09"]
[Round "2"]
[White "Pedersen,Nic"]
[Black "Kongsted,H"]
[Result "0-1"]
[WhiteElo "2516"]
[BlackElo "2245"]

1.Nf3 d5 2.g3 Nf6 3.Bg2 c6 4.d3 e6 5.O-O Nbd7 6.Re1 Qc7 7.e4 dxe4 8.dxe4 e5
9.b3 Bb4 10.Nbd2 Bc3 11.Rb1 O-O 12.Re3 Bb4 13.a3 Bc5 14.Re2 a5 15.c4 Re8
16.b4 axb4 17.axb4 Be7 18.Qb3 c5 19.b5 Nf8 20.Bb2 Bd6 21.Nf1 Ne6 22.Rc1 Nd4
23.Nxd4 cxd4 24.f4 Bc5 25.Qd3 exf4 26.Nd2 fxg3 27.hxg3 Ng4 28.Nf3 Qxg3 29.e5 Bf5
30.Qxf5 d3+ 31.Bd4 Bxd4+ 32.Nxd4 dxe2 33.Nxe2 Qh2+  0-1

[Event "7th ch-Euro"]
[Site "Kusadasi TUR"]
[Date "2006.04.09"]
[Round "6"]
[White "Iljushin,A"]
[Black "Gagunashvili,M"]
[Result "1/2-1/2"]
[WhiteElo "2527"]
[BlackElo "2542"]

1.Nf3 d5 2.g3 c6 3.Bg2 Nf6 4.O-O Bg4 5.d3 Nbd7 6.Nbd2 e5 7.e4 dxe4 8.dxe4 Bc5
9.h3 Bxf3 10.Bxf3 O-O 11.Qe2 Qc7 12.a4 Rad8 13.Nb3 Be7 14.Be3 a5 15.Bd2 b6
16.Be3 Rfe8 17.Rfd1 Nf8 18.h4 Rxd1+ 19.Rxd1 Rd8  1/2-1/2

[Event "Open NOR-ch"]
[Site "Oslo NOR"]
[Date "2006.04.09"]
[Round "2"]
[White "Hagesaether,E"]
[Black "Brynell,S"]
[Result "0-1"]
[WhiteElo "2226"]
[BlackElo "2488"]

1.Nf3 d5 2.g3 Nc6 3.Bg2 e5 4.d3 Nf6 5.O-O h6 6.e4 dxe4 7.dxe4 Qxd1 8.Rxd1 Bc5
9.Nc3 Bg4 10.Rf1 O-O-O 11.a3 a6 12.h3 Be6 13.Re1 Rd6 14.Bf1 Rhd8 15.Kg2 Nd4
16.Nxd4 Bxd4 17.Nd1 Rc6 18.Bd3 Nd7 19.c3 Bb6 20.Ne3 Nc5 21.Bc2 Bb3 22.Re2 Bxc2
23.Rxc2 Nxe4 24.Nf5 Rf6 25.Ne3 h5 26.c4 Rd3 27.b4 Bd4 28.Rb1 g6 29.Bb2 Rxf2+
30.Rxf2 Nxf2 31.Bxd4 exd4 32.Nd5 Ne4 33.Re1 f5 34.Kh2 Rd2+ 35.Kg1 d3 36.g4 Re2
37.Rd1 d2  0-1

[Event "43rd ch-IND"]
[Site "Visakhapatnam IND"]
[Date "2006.04.09"]
[Round "10"]
[White "Arun Prasad,S"]
[Black "Das,Ar"]
[Result "1-0"]
[WhiteElo "2384"]
[BlackElo "2402"]

1.Nf3 d5 2.g3 Bg4 3.Bg2 Nd7 4.c4 e6 5.d4 c6 6.O-O Ngf6 7.Ne5 Nxe5 8.dxe5 Nd7
9.h3 Bf5 10.cxd5 exd5 11.f4 Qb6+ 12.Kh2 O-O-O 13.Nc3 Nc5 14.Qd4 h5 15.Be3 Qxb2
16.Rfc1 Kb8 17.a4 a5 18.Nb5 Qxd4 19.Nxd4 Bd7 20.Nxc6+ Bxc6 21.Bxc5 Bxc5 22.Rxc5 Rd7
23.Rb1 Rc8 24.h4 Bxa4 25.Rxa5 Bc2 26.Rc1 Bf5 27.Rxc8+ Kxc8 28.Bxd5 Be6 29.e4 g6
30.Kg2 Rc7 31.Ra3 Rc5 32.Bxe6+ fxe6 33.g4 b5 34.gxh5 gxh5 35.Kf3 Kc7 36.Ke3 Kb6
37.Ra8 Kb7 38.Re8 Rc6 39.f5 exf5 40.exf5 Rc1 41.f6 Rf1 42.Re7+ Kc6 43.f7 b4
44.Re6+  1-0

[Event "ch-DEN"]
[Site "Aalborg DEN"]
[Date "2006.04.10"]
[Round "3"]
[White "Glud,J"]
[Black "Berg,K"]
[Result "1/2-1/2"]
[WhiteElo "2421"]
[BlackElo "2399"]

1.g3 d5 2.Nf3 c6 3.Bg2 Bg4 4.c4 e6 5.O-O Nf6 6.b3 Bd6 7.Bb2 O-O 8.d3 Nbd7
9.Nbd2 e5 10.Qc2 Re8 11.e3 Rc8 12.Rac1 Bf5 13.Nh4 Be6 14.Nhf3 Bf5 15.Nh4 Be6
16.Qb1 a5 17.Nhf3 Bf5 18.cxd5 cxd5 19.e4 Rxc1 20.Rxc1 dxe4 21.dxe4 Bg6 22.Nh4 Bc5
23.Nxg6 hxg6 24.Bf3 b5 25.a4 Qb6 26.axb5 Qxb5 27.Qc2 Rb8 28.Bc3  1/2-1/2

[Event "32nd ch-IND w"]
[Site "Visakhapatnam IND"]
[Date "2006.04.10"]
[Round "9"]
[White "Vijayalakshmi,S"]
[Black "Nimmy,A"]
[Result "1/2-1/2"]
[WhiteElo "2479"]
[BlackElo "2123"]

1.Nf3 d5 2.g3 Nf6 3.Bg2 c6 4.O-O Bg4 5.h3 Bh5 6.d3 Nbd7 7.Nbd2 e5 8.e4 Bd6
9.Qe1 O-O 10.b3 Re8 11.Bb2 Qe7 12.a3 Rad8 13.Kh1 dxe4 14.dxe4 Nc5 15.Qe3 Bg6
16.Nh4 Ne6 17.Nxg6 hxg6 18.c3 Nc5 19.Rad1 Bc7 20.b4 Nd3 21.Nc4 Bb6 22.Nxb6 Nxb2
23.Rd2 axb6 24.Rxb2 b5 25.Rc1 Qe6 26.Bf1 Rd7 27.Kg2 Red8 28.Be2 Ra8 29.Ra1 Ne8
30.Bg4 f5 31.exf5 gxf5 32.Be2 Nf6 33.Qc1 Qd5+ 34.Kg1 Ne4 35.Bf3 Qc4 36.Rc2 f4
37.gxf4 Rf7 38.Qf1 Qxf1+ 39.Kxf1 Rxf4 40.Bxe4 Rxe4 41.Rd2 Rc4 42.Rd3 e4 43.Rg3 Re8
44.Re3 Ra8 45.Ke2 b6 46.Rg3 c5 47.Rd1 Rxa3 48.Rd7 Rcxc3 49.Rgxg7+ Kf8 50.Rdf7+ Ke8
51.Rb7 Kf8 52.Rgc7 Ra2+ 53.Kf1 Ra8 54.bxc5 bxc5 55.Rxb5 Rxh3 56.Rcxc5 Rf3
57.Kg2 Ra2 58.Rf5+ Rxf5 59.Rxf5+ Kg7 60.Kg3 Kg6 61.Rf4 Re2 62.Rf8 Kg5 63.Ra8 Kf5
64.Ra3 Ke5 65.Re3 Rxe3+ 66.fxe3 Kf5 67.Kh4 Kf6 68.Kg4 Kg6 69.Kf4 Kf6 70.Kxe4 Ke6
71.Kd4 Kd6 72.e4 Ke6 73.e5 Ke7 74.Kd5 Kd7 75.e6+ Ke7 76.Ke5 Ke8 77.Kd6 Kd8
78.Kd5 Ke7 79.Ke5 Ke8  1/2-1/2

[Event "43rd ch-IND"]
[Site "Visakhapatnam IND"]
[Date "2006.04.10"]
[Round "12"]
[White "Himanshu,Sh"]
[Black "Sharma,Di"]
[Result "1/2-1/2"]
[WhiteElo "2411"]
[BlackElo "2370"]

1.Nf3 d5 2.g3 c6 3.Bg2 Bg4 4.O-O Nd7 5.d3 Ngf6 6.Nbd2 e5 7.e4 dxe4 8.dxe4 Bc5
9.h3 Bh5 10.Qe2 O-O 11.c3 Re8 12.Rd1 Qc7 13.Nb3 Bb6 14.Bg5 h6 15.Be3 Rad8
16.Bxb6 Nxb6 17.Kh2 Na4 18.Rg1 Qb6 19.Rad1 Rxd1 20.Rxd1 Qc7 21.Kg1 Re7 22.Qc2 Rd7
23.Rxd7 Nxd7 24.Nh4 Nac5 25.Nd2 Nf8 26.Bf1 f6 27.b4 Nce6 28.Bc4 Bf7 29.Nf5 Qd7
30.h4 Nd8 31.a4 Bxc4 32.Nxc4 g6 33.Nfe3 h5 34.a5 Nfe6 35.Qd2  1/2-1/2

[Event "4th V.Nabokov Mem"]
[Site "Kyiv UKR"]
[Date "2006.04.11"]
[Round "10"]
[White "Pavlov,S2"]
[Black "Kernazhitsky,L"]
[Result "1/2-1/2"]
[WhiteElo "2451"]
[BlackElo "2354"]

1.Nf3 d5 2.g3 Nf6 3.Bg2 Bf5 4.c4 c6 5.Qb3 Qb6 6.d3 Nbd7 7.Qxb6 Nxb6 8.b3 e6
9.O-O h6 10.Nc3 Be7 11.cxd5 exd5 12.e4 Bh7 13.Re1 O-O 14.Bb2 Rfe8 15.a3  1/2-1/2

[Event "XXIX Open"]
[Site "Donostia San Sebastian ESP"]
[Date "2006.04.12"]
[Round "6"]
[White "Prada Lopez,M"]
[Black "Gomez Esteban,J"]
[Result "0-1"]
[WhiteElo "2223"]
[BlackElo "2495"]

1.Nf3 d5 2.g3 c5 3.Bg2 Nc6 4.O-O e5 5.d3 Be7 6.c4 Nf6 7.Bg5 d4 8.e3 O-O 9.exd4 exd4
10.Na3 h6 11.Bf4 Bd6 12.Qd2 Bf5 13.Bxd6 Qxd6 14.Nc2 Rae8 15.Rfe1 b6 16.Nh4 Bd7
17.f4 Rxe1+ 18.Rxe1 Re8 19.Rxe8+ Nxe8 20.Qe2 Kf8 21.Be4 Nf6 22.Bf5 Be8 23.Bh3 Ne7
24.Nf5 Nxf5 25.Bxf5 Ng8 26.Bg4 Ne7 27.b3 f6 28.Qe6 Qxe6 29.Bxe6 Bh5 30.g4 Be8
31.Kf2 g5 32.f5 Nc6 33.h3 Ne5 34.Ne1 h5 35.Kg3 h4+ 36.Kf2 Bc6 37.Ke2 Ke7
38.Kf2 Kd6 39.Ke2 b5 40.cxb5 Bxb5 41.Kd2 Bc6 42.Ke2 a5 43.a4 Bh1 44.Kf2 Bb7
45.Ke2 Ba8 46.Bg8 Nc6 47.Nf3 Nb4 48.Nd2 Bg2 49.Nc4+ Kc7 50.Nxa5 Bxh3  0-1

[Event "Foxwoods Open"]
[Site "Ledyards USA"]
[Date "2006.04.12"]
[Round "1"]
[White "Filipovich,D"]
[Black "Yermolinsky,A"]
[Result "0-1"]
[WhiteElo "2225"]
[BlackElo "2528"]

1.Nf3 d5 2.g3 g6 3.Bg2 Bg7 4.d4 Nf6 5.O-O O-O 6.c4 Nc6 7.Nbd2 a5 8.b3 a4
9.Bb2 a3 10.Bc3 Ne4 11.Nxe4 dxe4 12.Ne5 Nxe5 13.dxe5 Qxd1 14.Rfxd1 Bf5 15.f4 exf3
16.exf3 f6 17.exf6 Bxf6 18.Bxf6 exf6 19.f4 c6 20.Kf2 Rad8 21.Bf3 h5 22.h4 Kf7
23.Rxd8 Rxd8 24.Rd1 Rxd1 25.Bxd1 Bb1 26.Ke3 Ke6 27.Kd4 Kf5 28.Kc5 Bxa2 29.Bc2+ Kg4
30.f5 gxf5 31.Kb4 Kxg3 32.Bxf5 Kxh4 33.Kxa3 Kg3 34.Bd3 h4 35.Kxa2 h3 36.Be4 Kf4
37.Bh1 Ke3 38.Kb2 f5 39.Kc1 Ke2  0-1

[Event "ch-BLR u20"]
[Site "Minsk BLR"]
[Date "2006.04.12"]
[Round "6"]
[White "Mokriy,A"]
[Black "Smolich,P"]
[Result "0-1"]
[WhiteElo "2188"]
[BlackElo "2142"]

1.Nf3 d5 2.g3 Nf6 3.Bg2 g6 4.O-O Bg7 5.d4 O-O 6.Ne5 Nbd7 7.c4 c6 8.Nc3 e6
9.b3 Nxe5 10.dxe5 Ng4 11.cxd5 exd5 12.f4 Qb6+ 13.Kh1 Nf2+ 14.Rxf2 Qxf2 15.e3 Bg4
16.Qd2 Qxd2 17.Bxd2 f6 18.h3 Be6 19.exf6 Bxf6 20.Rc1 Rae8 21.Na4 Bc8 22.Kg1 g5
23.Kf2 gxf4 24.gxf4 Bh4+ 25.Kf1 Bf5 26.Nc5 Rf7 27.Ke2 Rg7 28.Bf3 Bxh3 29.Rh1 Be7
30.Rxh3 Bxc5 31.b4 Bxe3 32.Bh5 Bxd2+ 33.Bxe8 Bxf4 34.Bh5 Bd6 35.a3 Rg5 36.Bf3 Kg7
37.Ke3 Kg6 38.Rh1 h5 39.Kd4 Be5+ 40.Kc5 Rf5 41.Be2 Rf6 42.b5 b6+ 43.Kb4 c5+
44.Kb3 Rf5 45.Kc2 Rg5 46.Bf3 Bg3 47.Rd1 d4 48.Be4+ Kf6 49.Rf1+ Ke7 50.Kd3 h4
51.Bf5 Kd6 52.Bc8 Rg8 53.Rf6+ Ke5 54.Rf5+ Kd6 55.Rf6+ Ke7 56.Re6+ Kf7 57.Rc6 Rg6
58.Rxg6 Kxg6 59.Ke4 Kf6 60.Bh3 Bf2 61.Bf1 Kg5 62.Kf3 Be3 63.Bd3 Bc1 64.a4 Bf4
65.Bf1 Kf5 66.Bd3+ Ke5 67.Kg4 Bg3 68.Kf3 Be1 69.Ke2 h3 70.Kf3 h2 71.Kg2 Bg3
72.Be2 Kf4 73.Bc4 Ke3 74.Bd5 Bd6 75.Kf1 Kd3  0-1

[Event "XXIX Open"]
[Site "Donostia San Sebastian ESP"]
[Date "2006.04.13"]
[Round "7"]
[White "Arce Balluerca,J"]
[Black "Cruz Lopez Claret,C"]
[Result "1/2-1/2"]
[WhiteElo "2109"]
[BlackElo "2330"]

1.Nf3 d5 2.g3 Bg4 3.Bg2 Nd7 4.O-O c6 5.d3 Ngf6 6.Nc3 e5 7.e4 dxe4 8.Nxe4 Nxe4
9.dxe4 Be7 10.Be3 O-O 11.c3 Qc7 12.Qc2 Bc5 13.Bxc5 Nxc5 14.h3 Bh5 15.b4 Ne6
16.Nh4 f6 17.f3 Rfd8 18.Rad1 a5 19.a3 axb4 20.axb4 Qb6+ 21.Kh2 Bf7 22.Rxd8+ Rxd8
23.Rd1 g6 24.Rxd8+ Qxd8  1/2-1/2

[Event "17th Pobeskydi Radegast Cup"]
[Site "Frydek Mistek CZE"]
[Date "2006.04.13"]
[Round "2"]
[White "Machlowski,S"]
[Black "Karhanek,P"]
[Result "1-0"]
[WhiteElo "2056"]
[BlackElo "2261"]

1.g3 d5 2.Nf3 c6 3.Bg2 Bg4 4.c4 e6 5.cxd5 exd5 6.Qc2 Nd7 7.O-O Ngf6 8.d3 Bd6
9.e4 O-O 10.Nc3 dxe4 11.dxe4 Re8 12.h3 Bh5 13.Nh4 Bc5 14.Kh2 Nf8 15.f4 N6d7
16.e5 Ne6 17.Be4 Ndf8 18.Ng2 Nd4 19.Qd3 f5 20.Bxf5 Nxf5 21.Qxf5 Bf7 22.Qe4 Qc7
23.Be3 Bxe3 24.Nxe3 Qb6 25.b3 Qa5 26.Rac1 Rad8 27.Nc4 Qc5 28.Qe3 Qb4 29.Ne4 Bd5
30.Qc3 Qe7 31.Ncd6 Rxd6 32.Nxd6 Rd8 33.Rf2 Ne6 34.f5 Ng5 35.Rcf1 h5 36.h4 Nh7
37.Nc4 Qc5 38.Qe3 Qe7 39.Qf4 Qc5 40.Nd6 Rxd6 41.exd6 Nf6 42.Re2 Qb5 43.Rfe1 Qd3
44.d7 Nxd7 45.Re8+ Kh7 46.Qg5 Bf7 47.R8e3 Qd5 48.f6 Nxf6 49.Qxd5 Bxd5 50.Re7 b5
51.Rxa7 Ng4+ 52.Kg1 Kh6 53.Ree7 g5  1-0

[Event "7th ch-Euro"]
[Site "Kusadasi TUR"]
[Date "2006.04.13"]
[Round "9"]
[White "Minasian,Art"]
[Black "Nikolic,Pr"]
[Result "0-1"]
[WhiteElo "2574"]
[BlackElo "2596"]

1.Nf3 d5 2.g3 g6 3.Bg2 Bg7 4.d4 Nf6 5.c4 dxc4 6.Qa4+ Nfd7 7.Qxc4 Nb6 8.Qc5 Na6
9.Qa3 Bxd4 10.Nxd4 Qxd4 11.O-O c6 12.b3 f6 13.e3 Qc5 14.Qb2 Qh5 15.b4 Bh3
16.Bxh3 Qxh3 17.b5 cxb5 18.Qxb5+ Kf7 19.a4 Rac8 20.Ba3 Rhd8 21.a5 Qd7 22.Qxd7 Nxd7
23.Rd1 Ne5 24.Rxd8 Rxd8 25.Nc3 Nc4 26.Nb5 Rd3 27.Bc1 Nc5 28.a6 bxa6 29.Nd4 a5
30.Kf1 e5 31.Nc6 Rd6 32.Nxa7 Nb3  0-1

[Event "Foxwoods Open"]
[Site "Ledyards USA"]
[Date "2006.04.13"]
[Round "3"]
[White "Filipovich,D"]
[Black "Rensch,D"]
[Result "1/2-1/2"]
[WhiteElo "2225"]
[BlackElo "2360"]

1.Nf3 d5 2.g3 Nf6 3.Bg2 Bg4 4.c4 c6 5.Ne5 Bh5 6.cxd5 cxd5 7.Nc3 e6 8.Qa4+ Nbd7
9.g4 Bg6 10.h4 Bd6 11.Nxd7 Qxd7 12.Qxd7+ Kxd7 13.h5 Bc2 14.d3 Rac8 15.Kd2 d4
16.Kxc2 b5 17.g5 Nd5 18.Bxd5 exd5 19.Kb3 dxc3 20.bxc3 a5 21.a4 b4 22.cxb4 Bxb4
23.Bb2 Bd2 24.Bxg7 Rhe8 25.e3 Rc6 26.Rab1 Rec8 27.Rhd1 Bb4 28.Bd4 Ke6 29.f4 Kf5
30.Rg1 Bc3 31.Rbc1 Bxd4 32.Rxc6 Rxc6 33.exd4 Rb6+ 34.Kc3 Rb7 35.g6 hxg6 36.hxg6 fxg6
37.Rg5+ Kxf4 38.Rxg6 Rb4 39.Rd6 Rxa4 40.Rxd5 Ra3+ 41.Kc4 Ra4+ 42.Kb3 Ra1
43.Rc5 a4+ 44.Kb2 Rh1 45.Rc4 Kf5 46.d5 Rh6 47.Rxa4 Rd6 48.Re4 Rxd5 49.Kc3 Rd8
50.Re7 Kf6 51.Re2 Rc8+ 52.Kd2 Rc6 53.d4 Re6 54.Rf2+ Ke7 55.Kd3 Kd6 56.Ra2 Kd7
57.Ra7+ Kd8 58.d5 Rh6 59.Kd4 Rg6 60.Ke5 Rh6  1/2-1/2

[Event "Open NOR-ch"]
[Site "Oslo NOR"]
[Date "2006.04.13"]
[Round "6"]
[White "Hagesaether,E"]
[Black "Maes,T"]
[Result "1/2-1/2"]
[WhiteElo "2226"]
[BlackElo "2179"]

1.Nf3 d5 2.g3 Bg4 3.Bg2 Nd7 4.d3 Ngf6 5.O-O e5 6.h3 Bh5 7.c3 c6 8.Qc2 Be7
9.e4 dxe4 10.dxe4 O-O 11.Nbd2 Qc7 12.Nc4 b5 13.Ne3 Bxf3 14.Bxf3 g6 15.c4 b4
16.Bd2 Rfd8 17.a3 a5 18.axb4 axb4 19.b3 Bc5 20.Ra2 Nf8 21.Rfa1 Rxa2 22.Rxa2 Ne6
23.Bg2 Qd6 24.Bc1 Qd3 25.Ra8 Qd6 26.Rxd8+ Qxd8 27.Qa2 Qd3 28.Qc2 Qd8 29.Qa2 Qd3
30.Qc2  1/2-1/2

[Event "10th Neckar Open A"]
[Site "Deizisau GER"]
[Date "2006.04.14"]
[Round "2"]
[White "Lorenz,Ma"]
[Black "Bobras,P"]
[Result "1/2-1/2"]
[WhiteElo "2269"]
[BlackElo "2535"]

1.g3 d5 2.Nf3 c6 3.Bg2 Bg4 4.b3 Nd7 5.Bb2 Ngf6 6.d3 Bxf3 7.Bxf3 e5 8.Nd2 Bd6
9.e4 O-O 10.O-O Re8 11.c3 a5 12.a3 Nc5 13.Qc2 Qb6 14.Rfe1 Rad8 15.b4 Ne6
16.exd5 cxd5 17.Nb3 axb4 18.cxb4 h5 19.Qd2 h4 20.Bxe5 Bxe5 21.Rxe5 Nd4 22.Rxe8+ Rxe8
23.Nxd4 Qxd4 24.Rc1 h3 25.Kf1 Ng4 26.Bxg4 Qxg4 27.Re1 Rxe1+ 28.Kxe1 Qf3 29.Qe3 Qh1+
30.Ke2 Qxh2 31.Qe8+ Kh7 32.Qxf7 Qg2 33.Qh5+ Kg8 34.Qe8+  1/2-1/2

[Event "10th Neckar Open A"]
[Site "Deizisau GER"]
[Date "2006.04.14"]
[Round "3"]
[White "Troyke,C"]
[Black "Halkias,S"]
[Result "0-1"]
[WhiteElo "2365"]
[BlackElo "2528"]

1.g3 d5 2.Nf3 e6 3.Bg2 c5 4.O-O Nc6 5.c4 Nf6 6.d4 Be7 7.Nc3 O-O 8.cxd5 exd5
9.dxc5 Bxc5 10.Bg5 d4 11.Bxf6 Qxf6 12.Nd5 Qd8 13.Nd2 Re8 14.Nf4 Bg4 15.h3 Bf5
16.Rc1 Bd6 17.Nd5 Qd7 18.g4 Be6 19.e4 dxe3 20.Nxe3 Rad8 21.Ndc4 Nd4 22.Nxd6 Qxd6
23.Nd5 Nc6 24.Nc3 Qb4 25.Qc2 Nd4 26.Qb1 h5 27.f3 Qb6 28.Kh1 Bc4 29.Rfe1 Be2
30.b3 Bxf3 31.Qd3 hxg4 32.Nd5 Qh6 33.Qxd4 Qxh3+  0-1

[Event "7th ch-Euro w"]
[Site "Kusadasi TUR"]
[Date "2006.04.14"]
[Round "10"]
[White "Chelushkina,I"]
[Black "Mkrtchian,L"]
[Result "0-1"]
[WhiteElo "2312"]
[BlackElo "2453"]

1.g3 d5 2.Nf3 c6 3.Bg2 Bg4 4.Ne5 Bf5 5.d4 e6 6.Nd2 Nf6 7.O-O Nbd7 8.c4 Be7
9.Qb3 Qb6 10.Nxd7 Nxd7 11.cxd5 exd5 12.Qf3 Be6 13.Qd3 O-O 14.Nf3 Nf6 15.Bg5 Rfe8
16.Rab1 Ne4 17.Bxe7 Rxe7 18.Nh4 Nd6 19.b3 g5 20.Nf3 Bf5 21.Qd2 f6 22.Rbc1 Rae8
23.e3 Qd8 24.Qb2 Be4 25.Qe2 Qd7 26.Ne1 Bf5 27.Qd1 Bg6 28.Bf3 Rf8 29.Nd3 Qe8
30.Bg2 h5 31.a4 Be4 32.Ne1 Bf5 33.Bf3 Rh7 34.Ng2 Bh3 35.Re1 Kh8 36.Be2 Bf5
37.Bd3 Bxd3 38.Qxd3 h4 39.gxh4 Rg8 40.Kh1 Ne4 41.Qe2 gxh4 42.Nf4 h3 43.Rg1 Nxf2+
44.Qxf2 Qe4+ 45.Ng2 hxg2+ 46.Rxg2 Rhg7 47.Rg1 Rxg2 48.Rxg2 Rxg2 49.Qxg2 Qxe3
50.Qb2 Qf3+ 51.Kg1 Kg7 52.b4 Qd1+ 53.Kf2 Qxa4 54.Ke1 a5 55.bxa5 Qxa5+ 56.Kf2 b5
57.Qe2 Kf8 58.Qc2 Qb4 59.Qxc6 Qxd4+ 60.Kg2 b4 61.Qd6+ Kf7 62.Qd7+ Kg6 63.Qe8+ Kg5
64.Qg8+ Kf4 65.Qg3+ Kf5 66.Qf3+ Kg5 67.h4+ Kxh4 68.Qh3+ Kg5 69.Qh8 Qe4+ 70.Kf1 Qf3+
71.Ke1 b3 72.Qg7+ Kf5 73.Qh7+ Kf4 74.Qc7+ Kg4 75.Qg7+ Kh3 76.Qh6+ Kg2 77.Qd2+ Kg3
78.Qd3 f5 79.Qa6 Qe3+ 80.Kd1 Qg1+ 81.Kd2 Qf2+ 82.Kd1 Qc2+ 83.Ke1 Qc1+  0-1

[Event "7th ch-Euro"]
[Site "Kusadasi TUR"]
[Date "2006.04.14"]
[Round "10"]
[White "Gasthofer,A"]
[Black "Lanzani,M"]
[Result "1-0"]
[WhiteElo "2418"]
[BlackElo "2356"]

1.Nf3 d5 2.g3 Nf6 3.Bg2 g6 4.b3 Bg7 5.Bb2 c5 6.c4 d4 7.e3 Nc6 8.exd4 cxd4
9.b4 Nxb4 10.Qa4+ Nc6 11.Nxd4 Bd7 12.Nxc6 Qc7 13.Qa5  1-0

[Event "LII Nacional Abierto"]
[Site "Mexico City MEX"]
[Date "2006.04.14"]
[Round "5"]
[White "Garmendez Gonzalez,C"]
[Black "Capo Vidal,U"]
[Result "1-0"]
[WhiteElo "2198"]
[BlackElo "2357"]

1.Nf3 d5 2.g3 Nf6 3.Bg2 Bf5 4.d3 e6 5.c4 c6 6.Nbd2 h6 7.b3 Be7 8.Bb2 O-O
9.O-O Nbd7 10.Ne1 Bh7 11.e4 dxe4 12.Nxe4 Nxe4 13.dxe4 Bf6 14.Qe2 Bxb2 15.Qxb2 Qb6
16.Qe2 a5 17.Nd3 Rfd8 18.Rfd1 Nf8 19.Rac1 a4 20.b4 Rd4 21.a3 Qd8 22.c5 f6
23.Nb2 e5 24.Nc4 Ne6 25.Nd6 Qe7 26.Re1 Rd8 27.h4 b5 28.Bh3 Kf8 29.Qa2 Bg8
30.Bxe6 Qxe6 31.Qxe6 Bxe6 32.Red1 Rxd1+ 33.Rxd1 g5 34.f3 Rd7 35.Kf2 Kg7 36.Rh1 Rd8
37.Ke3 Kg6 38.f4 gxf4+ 39.gxf4 exf4+ 40.Kxf4 Kh5 41.Rg1 Rg8 42.Rxg8 Bxg8
43.Nf5 Bf7 44.Kg3 Bg8 45.Ne7 Bh7 46.Kf4 Kxh4 47.Nxc6 Bg6 48.Ne7 Be8 49.Nf5+  1-0

[Event "LII Nacional Abierto"]
[Site "Mexico City MEX"]
[Date "2006.04.15"]
[Round "8"]
[White "Leon Hoyos,M"]
[Black "Davalos,A"]
[Result "1-0"]
[WhiteElo "2428"]
[BlackElo "2271"]

1.Nf3 d5 2.g3 Nf6 3.Bg2 Nbd7 4.O-O e6 5.d3 Be7 6.Nbd2 O-O 7.e4 dxe4 8.dxe4 e5
9.b3 Bc5 10.Bb2 Qe7 11.a4 a5 12.h3 b6 13.Re1 Bb7 14.c3 Rad8 15.Qc2 Nh5 16.Nf1 g6
17.Bc1 Rfe8 18.Ra2 Nf8 19.Ne3 f6 20.Kh2 Bxe3 21.Bxe3 Ba6 22.Bf1 Bxf1 23.Rxf1 Ne6
24.Rb1 c5 25.Qe2 Qb7 26.Qc4 Kh8 27.Rbb2 Nhg7 28.Rd2 Qc7 29.Qb5 Qb7 30.Rxd8 Rxd8
31.Rd2 Qc7 32.Rxd8+ Qxd8 33.Nd2 Ne8 34.Qc6 Nd6 35.b4 axb4 36.cxb4 Nd4 37.Qd5 Kg7
38.Nc4 Nf7 39.Qxd8 Nxd8 40.b5 Kf7 41.Nxb6 Ke6 42.Nc4 f5 43.b6 fxe4 44.a5  1-0

[Event "1st Rapid"]
[Site "Canada de Calatrava ESP"]
[Date "2006.04.16"]
[Round "8"]
[White "Vaganian,R"]
[Black "Riazantsev,A"]
[Result "1/2-1/2"]
[WhiteElo "2601"]
[BlackElo "2593"]

1.Nf3 d5 2.g3 Nf6 3.Bg2 c6 4.O-O Bf5 5.d3 e6 6.Nbd2 h6 7.Qe1 Be7 8.e4 Bh7
9.Ne5 Nbd7 10.Nxd7 Nxd7 11.f4 O-O 12.Kh1 a5 13.g4 a4 14.a3 Kh8 15.f5 exf5
16.gxf5 dxe4 17.Nxe4 Nf6 18.Bd2 Nxe4 19.Bxe4 Bf6 20.Bc3 Re8 21.Qg3 Bxc3 22.bxc3 f6
23.Rab1 Re7 24.Rb4 Bg8 25.c4 Qd4 26.Rfb1 Ra7 27.Qg1 Rxe4 28.dxe4 Qxe4+ 29.Qg2 Qxf5
30.Rxb7 Rxb7 31.Rxb7 g5 32.Qe2 Qf4 33.Qd3 h5 34.Kg1 h4 35.Qg6 Qe3+ 36.Kh1 Qf3+
37.Kg1 Qg4+ 38.Kf2 Qf4+ 39.Ke1 Qc1+ 40.Kf2 Qd2+ 41.Kf3 Qf4+ 42.Ke2 Bxc4+
43.Kd1 Qd4+ 44.Kc1 Qa1+ 45.Rb1 Qxa3+ 46.Kd2 Qd6+ 47.Kc1 Qf4+ 48.Kb2 Qd4+
49.Ka3 Qc3+ 50.Kxa4 Bb5+ 51.Rxb5 Qe5 52.Kb4 Qd6+ 53.Kb3 Qxh2 54.Qh6+ Kg8
55.Qg6+ Kf8 56.Qxf6+ Ke8 57.Qe6+ Kd8 58.Qf6+ Kd7 59.Qf5+ Kd6 60.Qg6+ Kc7
61.Qf7+ Kc8 62.Qe6+ Kd8 63.Qf6+ Kd7 64.Qf5+ Kd6 65.Qf6+ Kd7 66.Qf5+ Kc7 67.Qc5 Kc8
68.Qe5 Kd7 69.Qf5+ Kc7 70.Qe4 Kd8 71.Qc4 Kd7 72.Qf7+ Kc8 73.Qe6+ Kc7 74.Qe7+ Kc8
75.Qe6+ Kc7 76.Qd5  1/2-1/2

[Event "Open NOR-ch"]
[Site "Oslo NOR"]
[Date "2006.04.16"]
[Round "9"]
[White "Stokke,K"]
[Black "Bentsen,H"]
[Result "1/2-1/2"]
[WhiteElo "2302"]
[BlackElo "2180"]

1.Nf3 d5 2.g3 Nf6 3.Bg2 e6 4.O-O Nbd7 5.d3 Be7 6.Nbd2 O-O 7.c3 b6 8.b4 Bb7
9.Bb2 c5 10.a3 Qc7 11.Qb3 Rfd8 12.Rac1 Rac8 13.Rfd1 b5 14.bxc5 Nxc5 15.Qa2 Na4
16.Ba1 Qc5 17.Nb1 Nb6 18.Nd4 a6 19.Nb3  1/2-1/2

[Event "10th Neckar Open A"]
[Site "Deizisau GER"]
[Date "2006.04.17"]
[Round "8"]
[White "Gutman,L"]
[Black "Delemarre,J"]
[Result "0-1"]
[WhiteElo "2495"]
[BlackElo "2433"]

1.Nf3 d5 2.g3 Nf6 3.Bg2 g6 4.O-O Bg7 5.d4 O-O 6.Bf4 c6 7.Qc1 Qb6 8.c4 dxc4
9.Na3 Qa6 10.Nxc4 Be6 11.b3 Nbd7 12.Re1 c5 13.e4 cxd4 14.e5 Nd5 15.Bh6 Nc5
16.Bxg7 Kxg7 17.Qd2 d3 18.Ng5 Rfd8 19.Ne4 Rac8 20.Nxc5 Rxc5 21.Re4 b5 22.Rh4 h5
23.Nd6 exd6 24.Rxh5 Rh8 25.Rg5 b4 26.exd6 Rc2  0-1

[Event "17th Pobeskydi Radegast Cup"]
[Site "Frydek Mistek CZE"]
[Date "2006.04.17"]
[Round "9"]
[White "Machlowski,S"]
[Black "Nemeth,Mi1"]
[Result "0-1"]
[WhiteElo "2056"]
[BlackElo "2401"]

1.g3 d5 2.Nf3 Nf6 3.Bg2 e6 4.c4 Be7 5.O-O O-O 6.cxd5 exd5 7.d3 Re8 8.Qc2 Nc6
9.a3 Bg4 10.Be3 a5 11.h3 Bh5 12.Nd4 Ra6 13.Nb5 Qd7 14.g4 Bxg4 15.hxg4 Nxg4
16.Bf4 Nce5 17.d4 Rc6 18.Qb3 Rg6 19.a4 Nc4 20.Bxc7 Nge3 21.Bg3 Bh4 22.Nc7 Bxg3
23.Nxe8 Bb8 24.Qxe3 Nxe3 25.fxe3 Rxg2+  0-1

[Event "43rd ch-IND"]
[Site "Visakhapatnam IND"]
[Date "2006.04.17"]
[Round "21"]
[White "Sivanandan,B"]
[Black "Arun Prasad,S"]
[Result "0-1"]
[WhiteElo "2425"]
[BlackElo "2384"]

1.Nf3 d5 2.g3 Bg4 3.Bg2 c6 4.O-O Nd7 5.c4 Bxf3 6.Bxf3 Ne5 7.Qb3 Nxf3+ 8.Qxf3 e6
9.d3 Nf6 10.Nc3 Be7 11.e4 dxe4 12.dxe4 e5 13.Qf5 Qc7 14.f4 Nd7 15.fxe5 Nxe5
16.Bf4 f6 17.Rad1 O-O 18.Kg2 Bb4 19.Ne2 Rfe8 20.Nd4 Qe7 21.b3 Bc5 22.Bxe5 Qxe5
23.Qxe5 Rxe5 24.Kf3 a5 25.a4 g6 26.Rfe1 f5 27.Nc2 fxe4+ 28.Rxe4 Rf8+ 29.Rf4 Rfe8
30.Rd7 Re2 31.Nd4 Rxh2 32.Rxb7 h5 33.Rd7 Rd2 34.g4 h4 35.g5 h3 36.Rh4 h2
37.Ne6 Rxd7  0-1

[Event "Spring NAm GMB"]
[Site "Schaumburg USA"]
[Date "2006.04.21"]
[Round "7"]
[White "Goletiani,R"]
[Black "Lawson,E"]
[Result "0-1"]
[WhiteElo "2371"]
[BlackElo "2369"]

1.Nf3 d5 2.g3 c5 3.c4 d4 4.e3 Nc6 5.exd4 cxd4 6.d3 e5 7.Bg2 Bd6 8.O-O Nge7
9.Re1 f6 10.Nh4 O-O 11.f4 exf4 12.gxf4 Qc7 13.Rf1 Nf5 14.Nxf5 Bxf5 15.a3 a5
16.Qf3 Kh8 17.Nd2 Bg6 18.Ne4 Ne7 19.Bd2 Nf5 20.Qf2 Rfe8 21.b4 Ne3 22.c5 Bf8
23.Bxe3 dxe3 24.Qe2 f5 25.Nc3 axb4 26.Nd5 Qxc5 27.axb4 Qd4 28.Rxa8 Rxa8 29.Qxe3 Qxe3+
30.Nxe3 Bxb4 31.d4 Bc3 32.Rd1 Ra1 33.Rxa1 Bxa1 34.Nc2 Bc3 35.Bxb7 Bd2 36.Kg2 Bxf4
37.d5 Kg8 38.Nd4 Kf7 39.Bc8 Kf6 40.Be6 Be5 41.Nf3 Bh5 42.h3 Bc3 43.Bc8 Bf7
44.d6 Bd5 45.Kf2 g6 46.Ke3 Ba5 47.Nd4 Bb6 48.d7 Ke5 49.Kd3 Kd6 50.Nb5+ Ke7
51.Nc3 Bg2 52.Kc4 Bd8 53.Nd5+ Kd6 54.Nf4 Bc6 55.Nd3 Bxd7 56.Bxd7 Kxd7 57.Kd5 Ke7
58.Ne5 Kf6 59.h4 Bc7 60.Nf3 Bf4 61.Nd4 Bg3 62.Nf3 Bf2 63.Kc4 h6 64.Kd3 g5
65.h5 g4 66.Ke2 gxf3+ 67.Kxf2 Kg5 68.Kxf3 Kxh5  0-1